<?xml version="1.0" encoding="UTF-8"?>
<collection xmlns="http://www.loc.gov/MARC21/slim">
 <record>
  <leader>00980nam a2200313   4500</leader>
  <controlfield tag="001">DLU090097107</controlfield>
  <controlfield tag="005">##20091201</controlfield>
  <datafield tag="040" ind1="#" ind2="#">
   <subfield code="a">DLU</subfield>
   <subfield code="b">eng</subfield>
  </datafield>
  <datafield tag="041" ind1="#" ind2="#">
   <subfield code="a">eng</subfield>
  </datafield>
  <datafield tag="044" ind1="#" ind2="#">
   <subfield code="a">us</subfield>
  </datafield>
  <datafield tag="100" ind1="#" ind2="#">
   <subfield code="a">Matuszewski, B. K. </subfield>
  </datafield>
  <datafield tag="245" ind1="#" ind2="#">
   <subfield code="a">Strategies for the assessment of matrix effect in quantitative bioanalytical methods based on HPLC-MS/MS /</subfield>
   <subfield code="c">B. K. Matuszewski, M. L. Constanzer, C. M. Chavez-Eng.</subfield>
  </datafield>
  <datafield tag="653" ind1="#" ind2="#">
   <subfield code="a">Biochemical analysis</subfield>
  </datafield>
  <datafield tag="653" ind1="#" ind2="#">
   <subfield code="a">Drug</subfield>
  </datafield>
  <datafield tag="653" ind1="#" ind2="#">
   <subfield code="a">HPLC chromatography</subfield>
  </datafield>
  <datafield tag="653" ind1="#" ind2="#">
   <subfield code="a">Mass spectrometry</subfield>
  </datafield>
  <datafield tag="653" ind1="#" ind2="#">
   <subfield code="a">Matrix effect</subfield>
  </datafield>
  <datafield tag="700" ind1="#" ind2="#">
   <subfield code="a">Chavez-Eng, C. M.</subfield>
  </datafield>
  <datafield tag="700" ind1="#" ind2="#">
   <subfield code="a">Constanzer, M. L.</subfield>
  </datafield>
  <datafield tag="773" ind1="#" ind2="#">
   <subfield code="t">Analytical Chemistry</subfield>
   <subfield code="g">Vol. 75, no. 13 (July 2003), p. 3019-3030</subfield>
  </datafield>
  <datafield tag="920" ind1="#" ind2="#">
   <subfield code="a">Phòng Tạp chí -- Trung tâm Thông tin - Thư viện Trường Đại học Đà Lạt</subfield>
  </datafield>
  <datafield tag="994" ind1="#" ind2="#">
   <subfield code="a">DLU</subfield>
  </datafield>
  <datafield tag="900" ind1="#" ind2="#">
   <subfield code="a">True</subfield>
  </datafield>
  <datafield tag="911" ind1="#" ind2="#">
   <subfield code="a">Trương Bảo Trâm Anh</subfield>
  </datafield>
  <datafield tag="925" ind1="#" ind2="#">
   <subfield code="a">G</subfield>
  </datafield>
  <datafield tag="926" ind1="#" ind2="#">
   <subfield code="a">A</subfield>
  </datafield>
  <datafield tag="927" ind1="#" ind2="#">
   <subfield code="a">BB</subfield>
  </datafield>
  <datafield tag="980" ind1="#" ind2="#">
   <subfield code="a">Thư viện Trường Đại học Đà Lạt</subfield>
  </datafield>
 </record>
</collection>
